000 00646nam a2200229Ia 4500
003 OSt
005 20220923230539.0
006 a|||||r|||| 00| 0
007 ta
008 220922b |||||||| |||| 00| 0 rus d
024 _a283,073
037 _cTextual
040 _aARTS
_cARTS
_brus
041 _2rus
_arus
082 _aO153,3NMUx, M2
100 _aਸਿੰਘ, ਮੁ॥ਤਿਆਰ
245 0 _aਲੁੱਕ ਵਿਚ ਫਸੇ ਪੈਰ
260 _c1982
650 _aਪੰਜਾਬੀ ਸਾਹਿਤ
942 _hO153,3NMUx, M2
_cTEXL
_2CC
999 _c385616
_d385616